[Event "MCR_SF11"]
[Site "?"]
[Date "2007.??.??"]
[Round "?"]
[White "Cvak, Rudolf"]
[Black "Sojka, Vaclav"]
[Result "1/2-1/2"]
[WhiteElo "2280"]
[BlackElo "2000"]
[PlyCount "44"]
[EventDate "2007.??.??"]
[EventType "schev (corr)"]
[EventRounds "2"]
[SourceDate "2007.09.24"]

1. e4 c5 2. Nf3 Nc6 3. d4 cxd4 4. Nxd4 Nf6 5. Nc3 e5 6. Ndb5 d6 7. Bg5 a6 8.
Na3 b5 9. Bxf6 gxf6 10. Nd5 Bg7 11. Bd3 Ne7 12. Nxe7 Qxe7 13. O-O O-O 14. c4 f5
15. Qf3 d5 16. cxd5 fxe4 17. Bxe4 Rb8 18. Rfd1 Qd7 19. d6 Rb6 20. Qd3 Rd8 21.
Rac1 Bf8 22. Qg3+ Bg7 1/2-1/2

[Event "MCR_SF11"]
[Site "?"]
[Date "2007.??.??"]
[Round "?"]
[White "Chvojka, Jaroslav"]
[Black "Priesol, Daniel"]
[Result "1/2-1/2"]
[WhiteElo "2252"]
[BlackElo "2288"]
[PlyCount "30"]
[EventDate "2007.??.??"]
[EventType "schev (corr)"]
[EventRounds "2"]
[SourceDate "2007.09.24"]

1. d4 Nf6 2. Bg5 e6 3. Nf3 h6 4. Bxf6 Qxf6 5. g3 c5 6. c3 d5 7. Bg2 Nc6 8. O-O
Be7 9. dxc5 Bxc5 10. Nbd2 O-O 11. e4 Rd8 12. Qe2 dxe4 13. Nxe4 Qe7 14. Nxc5
Qxc5 15. Rad1 Bd7 1/2-1/2

[Event "MCR_SF11"]
[Site "?"]
[Date "2007.??.??"]
[Round "?"]
[White "Priesol, Daniel"]
[Black "Chvojka, Jaroslav"]
[Result "1/2-1/2"]
[WhiteElo "2288"]
[BlackElo "2252"]
[PlyCount "27"]
[EventDate "2007.??.??"]
[EventType "schev (corr)"]
[EventRounds "2"]
[SourceDate "2007.09.24"]

1. d4 Nf6 2. c4 e6 3. Nf3 b6 4. a3 Bb7 5. Nc3 d5 6. cxd5 Nxd5 7. Qc2 Nxc3 8.
Qxc3 Qd5 9. Bf4 Bd6 10. Bxd6 cxd6 11. e3 O-O 12. Be2 Rc8 13. Qd2 Nc6 14. O-O
1/2-1/2

[Event "MCR_SF11"]
[Site "?"]
[Date "2007.??.??"]
[Round "?"]
[White "Kudr, Roman"]
[Black "Cvak, Rudolf"]
[Result "1/2-1/2"]
[WhiteElo "2216"]
[BlackElo "2280"]
[PlyCount "108"]
[EventDate "2007.??.??"]
[EventType "schev (corr)"]
[EventRounds "2"]
[SourceDate "2007.09.24"]

1. d4 Nf6 2. c4 g6 3. Nc3 Bg7 4. e4 d6 5. Nf3 O-O 6. Be2 e5 7. O-O exd4 8. Nxd4
Re8 9. f3 Nc6 10. Be3 Nh5 11. f4 Nf6 12. Bf3 Bg4 13. Nxc6 Bxf3 14. Qxf3 bxc6
15. e5 dxe5 16. Rad1 Qc8 17. Qxc6 Ng4 18. Bc1 exf4 19. Bxf4 Ne5 20. Bxe5 Bxe5
21. Rd7 Re6 22. Qd5 c6 23. Qd2 f5 24. g4 f4 25. Ne4 Qe8 26. b4 Re7 27. Rd3 a5
28. a3 axb4 29. axb4 Qf7 30. Rd8+ Re8 31. Rxe8+ Rxe8 32. Qd3 Qe7 33. c5 Rb8 34.
Rb1 Kf8 35. g5 Rd8 36. Qf3 Rd4 37. Kf1 Qe6 38. Nf2 Bc7 39. Kg2 Rc4 40. h4 Qe3
41. Rb3 Qe6 42. Rb1 Rd4 43. Kf1 Qe3 44. Kg2 Rd2 45. Ra1 Rb2 46. Ra8+ Ke7 47.
Re8+ Kxe8 48. Qxc6+ Kd8 49. Qf6+ Kc8 50. Qh8+ Kd7 51. Qxb2 f3+ 52. Kf1 Kc8 53.
Qh8+ Kb7 54. Qb2 Bg3 1/2-1/2

[Event "MCR_SF11"]
[Site "?"]
[Date "2007.??.??"]
[Round "?"]
[White "Cvak, Rudolf"]
[Black "Kudr, Roman"]
[Result "1-0"]
[WhiteElo "2280"]
[BlackElo "2216"]
[PlyCount "87"]
[EventDate "2007.??.??"]
[EventType "schev (corr)"]
[EventRounds "2"]
[SourceDate "2007.09.24"]

1. e4 e5 2. f4 d5 3. exd5 e4 4. d3 Nf6 5. dxe4 Nxe4 6. Nf3 Bc5 7. Qe2 Bf5 8.
Nc3 Qe7 9. Be3 Nxc3 10. Bxc5 Nxe2 11. Bxe7 Nxf4 12. Ba3 Nxd5 13. O-O-O Be6 14.
Bc4 c6 15. Ng5 Nd7 16. Rhe1 O-O-O 17. Nxe6 fxe6 18. Rxe6 N7f6 19. Rde1 Rhe8 20.
Rxe8 Rxe8 21. Rxe8+ Nxe8 22. Be2 Kd7 23. c4 Nf4 24. Bg4+ Kc7 25. Bf3 Nd6 26. b3
b5 27. cxb5 Nxb5 28. Bf8 Ne6 29. Be7 Kd7 30. Bh4 Ned4 31. Be4 g6 32. Kd2 Nd6
33. Kd3 Ne6 34. Bf3 Nf4+ 35. Kd2 Nd5 36. Bf2 a5 37. a3 Ke6 38. Kc2 Nb7 39. Kd3
g5 40. Kc4 Kd6 41. a4 Nf4 42. Be1 Nd5 43. Bxd5 cxd5+ 44. Kb5 1-0

[Event "MCR_SF11"]
[Site "?"]
[Date "2007.??.??"]
[Round "?"]
[White "Kudr, Roman"]
[Black "Javorsky, Jan"]
[Result "1/2-1/2"]
[WhiteElo "2216"]
[BlackElo "2272"]
[PlyCount "62"]
[EventDate "2007.??.??"]
[EventType "schev (corr)"]
[EventRounds "2"]
[SourceDate "2007.09.24"]

1. d4 Nf6 2. c4 e6 3. Nf3 c5 4. Nc3 cxd4 5. Nxd4 Bb4 6. g3 O-O 7. Bg2 d5 8.
cxd5 Nxd5 9. Qb3 Nc6 10. Nxc6 bxc6 11. O-O Qa5 12. Bd2 Bxc3 13. Bxc3 Nxc3 14.
Qxc3 Qxc3 15. bxc3 Ba6 16. Rfe1 Rab8 17. Rad1 Rb2 18. Rd7 Rxa2 19. Rxa7 Rxe2
20. Rxe2 Bxe2 21. Bxc6 Rb8 22. Ra8 Rxa8 23. Bxa8 Kf8 24. f4 Ba6 25. Kf2 Ke7 26.
Ke3 Kd6 27. Kd4 f6 28. Be4 g6 29. g4 g5 30. fxg5 fxg5 31. Bxh7 Be2 1/2-1/2

[Event "MCR_SF11"]
[Site "?"]
[Date "2007.??.??"]
[Round "?"]
[White "Priesol, Daniel"]
[Black "Kudr, Roman"]
[Result "1/2-1/2"]
[WhiteElo "2288"]
[BlackElo "2216"]
[PlyCount "54"]
[EventDate "2007.??.??"]
[EventType "schev (corr)"]
[EventRounds "2"]
[SourceDate "2007.09.24"]

1. c4 Nf6 2. Nf3 e6 3. d4 b6 4. a3 Bb7 5. Nc3 d5 6. Bg5 Be7 7. e3 O-O 8. Rc1
Nbd7 9. cxd5 exd5 10. Bd3 c5 11. O-O h6 12. Bh4 Ne4 13. Bxe7 Qxe7 14. Re1 Rac8
15. dxc5 bxc5 16. h3 f5 17. Qe2 g5 18. Red1 Ndf6 19. Ba6 Bxa6 20. Qxa6 Rcd8 21.
b4 Rd6 22. Qa5 g4 23. bxc5 Rc6 24. Nxe4 Nxe4 25. Nd4 gxh3 26. Nxc6 h2+ 27. Kxh2
Qh4+ 1/2-1/2

[Event "MCR_SF11"]
[Site "?"]
[Date "2007.??.??"]
[Round "?"]
[White "Priesol, Daniel"]
[Black "Javorsky, Jan"]
[Result "1/2-1/2"]
[WhiteElo "2288"]
[BlackElo "2272"]
[PlyCount "54"]
[EventDate "2007.??.??"]
[EventType "schev (corr)"]
[EventRounds "2"]
[SourceDate "2007.09.24"]

1. d4 d5 2. Nf3 Nf6 3. c4 c6 4. Nc3 dxc4 5. a4 Bf5 6. Ne5 e6 7. f3 Bb4 8. e4
Bxe4 9. fxe4 Nxe4 10. Bd2 Qxd4 11. Nxe4 Qxe4+ 12. Qe2 Bxd2+ 13. Kxd2 Qd5+ 14.
Kc2 Na6 15. Nxc4 O-O-O 16. Qe5 f6 17. Qe3 Kb8 18. Be2 e5 19. Rad1 Qxg2 20. Rhg1
Qxh2 21. Rh1 Qf4 22. Rxd8+ Rxd8 23. Qxf4 exf4 24. Rxh7 Nb4+ 25. Kb3 Nd3 26. Kc3
Nc5 27. Rxg7 f3 1/2-1/2

[Event "MCR_SF11"]
[Site "?"]
[Date "2007.??.??"]
[Round "?"]
[White "Cvak, Rudolf"]
[Black "Priesol, Daniel"]
[Result "1/2-1/2"]
[WhiteElo "2280"]
[BlackElo "2288"]
[PlyCount "78"]
[EventDate "2007.??.??"]
[EventType "schev (corr)"]
[EventRounds "2"]
[SourceDate "2007.09.24"]

1. e4 e6 2. d4 d5 3. e5 c5 4. Nc3 cxd4 5. Nb5 Nc6 6. Nf3 Bc5 7. a3 a6 8. b4 Bb6
9. Nbxd4 Bxd4 10. Nxd4 Nxe5 11. Bb2 f6 12. f4 Ng6 13. f5 exf5 14. Bd3 Qe7+ 15.
Kf2 Nh6 16. Re1 Ne5 17. Kg1 O-O 18. c4 dxc4 19. Bxc4+ Kh8 20. Bb3 Rd8 21. Qc2
Qd6 22. Rad1 Qb6 23. h3 Bd7 24. Bc1 Rac8 25. Qb2 Ng8 26. Be3 Qc7 27. Qf2 g6 28.
Bf4 Re8 29. Qa2 Re7 30. Rc1 Qb6 31. Rxc8 Nf3+ 32. gxf3 Rxe1+ 33. Kf2 Bxc8 34.
Kxe1 Qxd4 35. Qd2 Qxd2+ 36. Bxd2 Ne7 37. f4 Bd7 38. Be3 Nc8 39. Bc5 b6 1/2-1/2

[Event "MCR_SF11"]
[Site "?"]
[Date "2007.??.??"]
[Round "?"]
[White "Chvojka, Jaroslav"]
[Black "Kudr, Roman"]
[Result "1/2-1/2"]
[WhiteElo "2252"]
[BlackElo "2216"]
[PlyCount "64"]
[EventDate "2007.??.??"]
[EventType "schev (corr)"]
[EventRounds "2"]
[SourceDate "2007.09.24"]

1. d4 d5 2. c4 c6 3. Nf3 Nf6 4. Nc3 e6 5. e3 Nbd7 6. Bd3 dxc4 7. Bxc4 b5 8. Bd3
Bb7 9. e4 b4 10. Na4 c5 11. e5 Nd5 12. Nxc5 Nxc5 13. dxc5 Bxc5 14. Qa4+ Kf8 15.
O-O Rc8 16. Ba6 Bxa6 17. Qxa6 h6 18. Qd3 g6 19. Bd2 Kg7 20. a3 Qb6 21. axb4
Bxb4 22. Ra6 Qb8 23. Rfa1 Bxd2 24. Qxd2 Rc7 25. Nd4 Rb7 26. Rd6 Rxb2 27. Nxe6+
fxe6 28. Rd7+ Kf8 29. Qd3 Qxe5 30. Qf3+ Qf4 31. Qa3+ Qb4 32. Qf3+ Qf4 1/2-1/2

[Event "MCR_SF11"]
[Site "?"]
[Date "2007.??.??"]
[Round "?"]
[White "Sojka, Vaclav"]
[Black "Priesol, Daniel"]
[Result "1-0"]
[WhiteElo "2000"]
[BlackElo "2288"]
[PlyCount "61"]
[EventDate "2007.??.??"]
[EventType "schev (corr)"]
[EventRounds "2"]
[SourceDate "2007.09.24"]

1. d4 Nf6 2. c4 e6 3. Nf3 d5 4. Nc3 Bb4 5. cxd5 exd5 6. Bg5 Nbd7 7. e3 c5 8.
Bd3 Qa5 9. Qc2 c4 10. Bf5 O-O 11. O-O Re8 12. Nd2 g6 13. Bh3 Nh5 14. g4 Bxc3
15. Qxc3 Qxc3 16. bxc3 Ng7 17. Rfb1 Ne6 18. Bh4 g5 19. Bg3 Nf6 20. Bg2 Nf8 21.
h3 Ng6 22. Rb5 a6 23. Rb6 Re6 24. Rab1 Kg7 25. e4 Nxe4 26. Nxe4 dxe4 27. Rxe6
fxe6 28. Bxe4 Ra7 29. Bb8 Ra8 30. Bd6 Ra7 31. Rb6 1-0

[Event "MCR_SF11"]
[Site "?"]
[Date "2007.??.??"]
[Round "?"]
[White "Chvojka, Jaroslav"]
[Black "Javorsky, Jan"]
[Result "0-1"]
[WhiteElo "2252"]
[BlackElo "2272"]
[PlyCount "64"]
[EventDate "2007.??.??"]
[EventType "schev (corr)"]
[EventRounds "2"]
[SourceDate "2007.09.24"]

1. d4 Nf6 2. Bg5 c5 3. d5 Ne4 4. Bf4 Qb6 5. Bc1 g6 6. f3 Nd6 7. c3 Bg7 8. Nh3
O-O 9. Na3 Qa5 10. Nc2 b5 11. e4 Na6 12. Be2 b4 13. a3 bxc3 14. b4 Qb6 15. O-O
f5 16. Nf2 Rb8 17. Be3 f4 18. bxc5 Nxc5 19. Bd4 Bxd4 20. Nxd4 Ba6 21. Qc2 Nb3
22. Nxb3 Bxe2 23. Qxe2 Qxb3 24. Rfc1 Rfc8 25. Nd3 c2 26. Nxf4 Qb2 27. Qd3 Rb3
28. Qf1 Nc4 29. d6 Nd2 30. Qa6 Rc6 31. Qa4 Nb1 32. Ne2 Rd3 0-1

[Event "MCR_SF11"]
[Site "?"]
[Date "2007.??.??"]
[Round "?"]
[White "Cvak, Rudolf"]
[Black "Chvojka, Jaroslav"]
[Result "1-0"]
[WhiteElo "2280"]
[BlackElo "2252"]
[PlyCount "65"]
[EventDate "2007.??.??"]
[EventType "schev (corr)"]
[EventRounds "2"]
[SourceDate "2007.09.24"]

1. e4 c6 2. d4 d5 3. e5 Bf5 4. Nc3 e6 5. g4 Bg6 6. Nge2 c5 7. h4 h5 8. Nf4 Nc6
9. Nxg6 fxg6 10. Bb5 Qb6 11. Qd3 cxd4 12. Ne2 Bb4+ 13. Kf1 hxg4 14. a3 Bf8 15.
Bxc6+ bxc6 16. Qxg6+ Kd7 17. Qf7+ Be7 18. Nf4 c5 19. Ng6 Qb5+ 20. Kg1 Rh7 21.
Bg5 Re8 22. b4 c4 23. Rd1 Qb6 24. Kg2 a6 25. Rhe1 c3 26. Rd3 Qc6 27. Rxd4 Nh6
28. Bxh6 Rxh6 29. Rxg4 Rxg6 30. Qxg6 Rf8 31. Qxg7 Rf5 32. Qh7 Qa8 33. Rg7 1-0

[Event "MCR_SF11"]
[Site "?"]
[Date "2007.??.??"]
[Round "?"]
[White "Priesol, Daniel"]
[Black "Cvak, Rudolf"]
[Result "1/2-1/2"]
[WhiteElo "2288"]
[BlackElo "2280"]
[PlyCount "76"]
[EventDate "2007.??.??"]
[EventType "schev (corr)"]
[EventRounds "2"]
[SourceDate "2007.09.24"]

1. d4 Nf6 2. Nf3 g6 3. c4 Bg7 4. Nc3 O-O 5. e4 d6 6. Be2 e5 7. O-O exd4 8. Nxd4
Re8 9. f3 Nc6 10. Be3 Nh5 11. Qd2 Nxd4 12. Bxd4 Nf4 13. Rfd1 Qg5 14. Bf1 Bxd4+
15. Qxd4 Ne6 16. Qf2 f5 17. exf5 Qxf5 18. Nd5 Bd7 19. Re1 Qf7 20. Re4 c6 21.
Nc3 c5 22. Nd5 Bc6 23. Qd2 Kh8 24. Rae1 Nd4 25. Bd3 Bxd5 26. cxd5 Rxe4 27. fxe4
Kg7 28. Qg5 Qf6 29. Qd2 Rf8 30. Rf1 Qe5 31. Rxf8 Kxf8 32. Qh6+ Kg8 33. Kf2 Qf6+
34. Ke3 Qe7 35. Qf4 Kg7 36. g3 Nf5+ 37. Kd2 Nd4 38. Ke3 Nf5+ 1/2-1/2

[Event "MCR_SF11"]
[Site "?"]
[Date "2007.??.??"]
[Round "?"]
[White "Javorsky, Jan"]
[Black "Priesol, Daniel"]
[Result "1-0"]
[WhiteElo "2272"]
[BlackElo "2288"]
[PlyCount "59"]
[EventDate "2007.??.??"]
[EventType "schev (corr)"]
[EventRounds "2"]
[SourceDate "2007.09.24"]

1. d4 Nf6 2. c4 e6 3. Nc3 Bb4 4. e3 O-O 5. a3 Bxc3+ 6. bxc3 b6 7. Bd3 Bb7 8. f3
Nc6 9. e4 Ne8 10. Nh3 Qh4+ 11. Nf2 Ba6 12. Qa4 Bb7 13. Rb1 d6 14. O-O e5 15. c5
dxc5 16. Bb5 Ne7 17. dxe5 a6 18. Be2 Nd5 19. Qc2 Nf4 20. Bc4 Ng6 21. g3 Qe7 22.
f4 Rd8 23. Be3 Bc8 24. Rfd1 Rxd1+ 25. Rxd1 c6 26. Be2 Qa7 27. a4 a5 28. h4 Nc7
29. h5 Ne7 30. f5 1-0

[Event "MCR_SF11"]
[Site "?"]
[Date "2007.??.??"]
[Round "?"]
[White "Javorsky, Jan"]
[Black "Trs, Jan"]
[Result "1/2-1/2"]
[WhiteElo "2272"]
[BlackElo "2207"]
[PlyCount "51"]
[EventDate "2007.??.??"]
[EventType "schev (corr)"]
[EventRounds "2"]
[SourceDate "2007.09.24"]

1. e4 c5 2. Nf3 d6 3. d4 cxd4 4. Nxd4 Nf6 5. Nc3 a6 6. f4 e6 7. a4 Be7 8. Be2
Qc7 9. O-O O-O 10. Bf3 Nc6 11. Nb3 d5 12. e5 Nd7 13. Ne2 Nc5 14. Be3 Nxb3 15.
cxb3 f6 16. exf6 Bxf6 17. Qd2 Qa5 18. Rad1 Qxd2 19. Rxd2 Bd7 20. f5 Rad8 21.
Bb6 Bg5 22. Rdd1 Rxf5 23. Bxd8 Bxd8 24. g3 Nb4 25. Nd4 Bb6 26. Kg2 1/2-1/2

[Event "MCR_SF11"]
[Site "?"]
[Date "2007.??.??"]
[Round "?"]
[White "Sojka, Vaclav"]
[Black "Kudr, Roman"]
[Result "0-1"]
[WhiteElo "2000"]
[BlackElo "2182"]
[PlyCount "56"]
[EventDate "2007.??.??"]
[EventType "schev (corr)"]
[EventRounds "2"]
[SourceDate "2007.09.24"]

1. Nf3 Nf6 2. c4 e6 3. g3 b6 4. Bg2 Bb7 5. O-O Be7 6. d4 O-O 7. Nc3 Ne4 8. Qc2
Nxc3 9. Qxc3 c5 10. Rd1 d6 11. b3 Bf6 12. Bb2 Nd7 13. Qe3 Qe7 14. Rab1 Rfd8 15.
dxc5 bxc5 16. Qf4 Bxb2 17. Rxb2 Nf6 18. Rbd2 Ne4 19. Rd3 d5 20. Nd2 Nf6 21.
cxd5 exd5 22. e3 Ba6 23. Rc3 Rac8 24. Rdc1 g6 25. h3 Kg7 26. Qa4 d4 27. exd4
cxd4 28. Qa5 dxc3 0-1

[Event "MCR_SF11"]
[Site "?"]
[Date "2007.??.??"]
[Round "?"]
[White "Kudr, Roman"]
[Black "Priesol, Daniel"]
[Result "1/2-1/2"]
[WhiteElo "2182"]
[BlackElo "2288"]
[PlyCount "101"]
[EventDate "2007.??.??"]
[EventType "schev (corr)"]
[EventRounds "2"]
[SourceDate "2007.09.24"]

1. d4 Nf6 2. c4 e6 3. Nf3 b6 4. a3 Ba6 5. Qc2 d5 6. Nbd2 Be7 7. e4 dxe4 8. Nxe4
Bb7 9. Bd3 c5 10. dxc5 bxc5 11. O-O Qc7 12. Re1 Nc6 13. b3 Nxe4 14. Bxe4 h6 15.
Bb2 O-O 16. Qe2 Rfd8 17. Qe3 Rd7 18. Rad1 Rad8 19. Rxd7 Rxd7 20. h3 Bf8 21. h4
a6 22. h5 Nd4 23. Nxd4 cxd4 24. Bxd4 Bxe4 25. Qxe4 Qa5 26. Bb2 Qxh5 27. Bc3
Bxa3 28. b4 a5 29. bxa5 Bc5 30. g3 Qg5 31. Kg2 Ba7 32. a6 Qc5 33. Re2 Re7 34.
Rb2 Rd7 35. Qe5 Qc6+ 36. f3 f6 37. Qb5 Rd6 38. Bb4 Qxa6 39. Bxd6 Qxd6 40. Qb7
Qc5 41. Qe4 Kf7 42. Rb7+ Kf8 43. Qe1 Bb6 44. g4 Qd6 45. Qb1 Ba5 46. Qb2 Kg8 47.
c5 Qxc5 48. Qa2 Kh7 49. Qxe6 Qc2+ 50. Kh3 Bc7 51. Qf5+ 1/2-1/2

[Event "MCR_SF11"]
[Site "?"]
[Date "2007.??.??"]
[Round "?"]
[White "Sojka, Vaclav"]
[Black "Cvak, Rudolf"]
[Result "0-1"]
[WhiteElo "2000"]
[BlackElo "2280"]
[PlyCount "74"]
[EventDate "2007.??.??"]
[EventType "schev (corr)"]
[EventRounds "2"]
[SourceDate "2007.09.24"]

1. e4 e5 2. Nf3 Nf6 3. Nxe5 d6 4. Nf3 Nxe4 5. Nc3 Nf6 6. d4 Be7 7. h3 O-O 8.
Bd3 Re8 9. O-O Nbd7 10. Re1 d5 11. Bg5 c6 12. Qd2 Nf8 13. Re3 Ng6 14. Rae1 Be6
15. a3 Qc7 16. Ne2 Nh5 17. Bxg6 hxg6 18. Bxe7 Rxe7 19. a4 Rae8 20. b4 f6 21.
Nh4 Bf7 22. Rxe7 Qxe7 23. Nf3 g5 24. a5 Qd7 25. Nh2 Bg6 26. Qc3 Qe6 27. Nf3 Qd7
28. Kf1 Qd6 29. Qd2 Be4 30. Qc3 Kf7 31. Nd2 Qh2 32. Nxe4 dxe4 33. a6 Qh1+ 34.
Ng1 Nf4 35. Qg3 bxa6 36. Qg4 a5 37. bxa5 Rb8 0-1

[Event "MCR_SF11"]
[Site "?"]
[Date "2007.??.??"]
[Round "?"]
[White "Javorsky, Jan"]
[Black "Cvak, Rudolf"]
[Result "1/2-1/2"]
[WhiteElo "2272"]
[BlackElo "2280"]
[PlyCount "95"]
[EventDate "2007.??.??"]
[EventType "schev (corr)"]
[EventRounds "2"]
[SourceDate "2007.09.24"]

1. d4 Nf6 2. c4 g6 3. Nc3 Bg7 4. e4 d6 5. f4 O-O 6. Nf3 c5 7. d5 a6 8. Bd3 b5
9. e5 Nfd7 10. e6 fxe6 11. dxe6 Nf6 12. f5 bxc4 13. Bxc4 gxf5 14. O-O Nc6 15.
Ng5 Ne5 16. Nf7 Nxf7 17. exf7+ Rxf7 18. Bxf7+ Kxf7 19. Nd5 Rb8 20. Nxf6 Bxf6
21. Qh5+ Kg8 22. Rf3 e6 23. Rg3+ Kh8 24. Bg5 Bxg5 25. Rxg5 Rxb2 26. Rd1 Rb7 27.
h4 c4 28. Qf3 h6 29. Rg6 Qxh4 30. Qc6 Qd8 31. Rxh6+ Kg7 32. Rxe6 Rb6 33. Rexd6
Rxc6 34. Rxd8 c3 35. Rc1 f4 36. Rd4 Kf6 37. Rxf4+ Kg5 38. Ra4 Bg4 39. Kf2 c2
40. Ke1 Bd1 41. Rxd1 Re6+ 42. Kd2 cxd1=Q+ 43. Kxd1 Kf5 44. Kd2 Rg6 45. Ra5+ Ke4
46. g4 Rxg4 47. Ra4+ Kf5 48. Rxa6 1/2-1/2

[Event "MCR_SF11"]
[Site "?"]
[Date "2007.??.??"]
[Round "?"]
[White "Sojka, Vaclav"]
[Black "Javorsky, Jan"]
[Result "1/2-1/2"]
[WhiteElo "2000"]
[BlackElo "2272"]
[PlyCount "66"]
[EventDate "2007.??.??"]
[EventType "schev (corr)"]
[EventRounds "2"]
[SourceDate "2007.09.24"]

1. e4 e6 2. d4 d5 3. Nc3 Bb4 4. e5 c5 5. a3 Bxc3+ 6. bxc3 Ne7 7. Qg4 Qc7 8. Bd3
cxd4 9. Ne2 dxc3 10. Qxg7 Rg8 11. Qxh7 Nbc6 12. Bf4 Bd7 13. Qh5 O-O-O 14. O-O
Ng6 15. Bxg6 Rxg6 16. Nxc3 Ne7 17. Ne2 Qc4 18. Rab1 Bb5 19. Rfe1 Nf5 20. Rb4
Qc5 21. Ng3 Rdg8 22. Reb1 Bc6 23. Qe2 a5 24. Rb6 Rg4 25. Qd2 d4 26. R6b3 Nh4
27. f3 Rxf4 28. Qxf4 d3+ 29. Kh1 dxc2 30. Rg1 Ng6 31. Qe3 Qxe3 32. Rxe3 Kb8 33.
Ne2 Rd8 1/2-1/2

[Event "MCR_SF11"]
[Site "?"]
[Date "2007.??.??"]
[Round "?"]
[White "Chvojka, Jaroslav"]
[Black "Trs, Jan"]
[Result "1/2-1/2"]
[WhiteElo "2252"]
[BlackElo "2207"]
[PlyCount "67"]
[EventDate "2007.??.??"]
[EventType "schev (corr)"]
[EventRounds "2"]
[SourceDate "2007.09.24"]

1. d4 Nf6 2. Bg5 c5 3. d5 Ne4 4. Bf4 Qb6 5. Bc1 e6 6. f3 Nf6 7. c4 d6 8. e4 g6
9. Nc3 Bg7 10. Bd3 O-O 11. Nge2 exd5 12. exd5 Nbd7 13. Ng3 h5 14. O-O h4 15.
Nh1 Ne5 16. Be2 Bf5 17. Nf2 Rae8 18. f4 Ned7 19. Bd3 Bxd3 20. Qxd3 Nh5 21. Kh1
Bxc3 22. Qxc3 Qb4 23. Qc2 b5 24. Ne4 Qxc4 25. Qxc4 bxc4 26. Nxd6 Re2 27. Nb5
Rfe8 28. f5 Ndf6 29. Nc3 R2e5 30. Bg5 Nxd5 31. fxg6 fxg6 32. Bxh4 Ne3 33. Rfe1
Nf4 34. Bg3 1/2-1/2

[Event "MCR_SF11"]
[Site "?"]
[Date "2007.??.??"]
[Round "?"]
[White "Trs, Jan"]
[Black "Chvojka, Jaroslav"]
[Result "1/2-1/2"]
[WhiteElo "2207"]
[BlackElo "2252"]
[PlyCount "66"]
[EventDate "2007.??.??"]
[EventType "schev (corr)"]
[EventRounds "2"]
[SourceDate "2007.09.24"]

1. d4 Nf6 2. c4 e6 3. Nc3 Bb4 4. Qc2 Nc6 5. Nf3 Qe7 6. a3 Bxc3+ 7. Qxc3 O-O 8.
Bg5 h6 9. Bh4 d6 10. d5 Nb8 11. Bxf6 Qxf6 12. Qxf6 gxf6 13. e3 a5 14. Bd3 a4
15. Nd4 Bd7 16. g4 Na6 17. Bc2 Nc5 18. Rg1 Rfb8 19. O-O-O Kf8 20. Rg3 Ke7 21.
Kd2 e5 22. Re1 h5 23. f3 Rg8 24. Nf5+ Bxf5 25. Bxf5 Rh8 26. Re2 h4 27. Rh3 Rab8
28. Kc1 c6 29. Kd1 Kd8 30. Rd2 Kc7 31. Be4 b5 32. cxb5 cxb5 33. Rc2 Kd8 1/2-1/2

[Event "MCR_SF11"]
[Site "?"]
[Date "2007.??.??"]
[Round "?"]
[White "Javorsky, Jan"]
[Black "Kudr, Roman"]
[Result "1/2-1/2"]
[WhiteElo "2272"]
[BlackElo "2182"]
[PlyCount "89"]
[EventDate "2007.??.??"]
[EventType "schev (corr)"]
[EventRounds "2"]
[SourceDate "2007.09.24"]

1. d4 d5 2. c4 e6 3. Nc3 Nf6 4. cxd5 exd5 5. Bg5 c6 6. Nf3 Be7 7. e3 Bf5 8. Ne5
Nbd7 9. Bd3 Bxd3 10. Nxd3 O-O 11. O-O Ne4 12. Bf4 Re8 13. Re1 Bd6 14. Nxe4 Bxf4
15. Nxf4 dxe4 16. Rc1 Qa5 17. Qb3 Qb6 18. Rc3 Qxb3 19. Rxb3 b6 20. g4 c5 21.
Ra3 a5 22. Nd5 Rac8 23. Rc3 Rc6 24. Rd1 Kf8 25. dxc5 bxc5 26. Ra3 Ne5 27. h3
Nd3 28. b3 c4 29. bxc4 Rxc4 30. Rxa5 Rc2 31. Rf1 Re5 32. Ra8+ Re8 33. Rxe8+
Kxe8 34. a4 h5 35. gxh5 Rc5 36. Nf4 Nxf4 37. exf4 Rxh5 38. Kg2 Ra5 39. Ra1 g6
40. f3 exf3+ 41. Kxf3 Ke7 42. Kg3 Kd6 43. Kg4 Kc6 44. Rc1+ Kd5 45. Rd1+ 1/2-1/2

[Event "MCR_SF11"]
[Site "?"]
[Date "2007.??.??"]
[Round "?"]
[White "Trs, Jan"]
[Black "Kudr, Roman"]
[Result "1/2-1/2"]
[WhiteElo "2207"]
[BlackElo "2182"]
[PlyCount "94"]
[EventDate "2007.??.??"]
[EventType "schev (corr)"]
[EventRounds "2"]
[SourceDate "2007.09.24"]

1. c4 Nf6 2. Nf3 e6 3. Nc3 b6 4. e4 Bb7 5. Bd3 c5 6. O-O d6 7. Bc2 Be7 8. d4
cxd4 9. Nxd4 O-O 10. b3 a6 11. a4 Qc7 12. f4 Nc6 13. Nxc6 Qxc6 14. Be3 b5 15.
axb5 axb5 16. Rxa8 Rxa8 17. Nxb5 Nxe4 18. Qf3 d5 19. Bxe4 dxe4 20. Qg3 Qd7 21.
Bd4 f6 22. Qe3 Bb4 23. Bc3 Bf8 24. h3 Rd8 25. Qb6 Qc8 26. b4 Rd3 27. Rc1 e3 28.
Qc7 Qxc7 29. Nxc7 e2 30. Kf2 Rxc3 31. Rxc3 e1=Q+ 32. Kxe1 Bxb4 33. Nb5 Bxc3+
34. Nxc3 Bxg2 35. h4 Kf7 36. Kf2 Bc6 37. Ke3 e5 38. fxe5 fxe5 39. Na2 Ke6 40.
Nb4 Bg2 41. c5 Bh3 42. Ke4 Bf5+ 43. Ke3 Bb1 44. Kf3 e4+ 45. Ke3 Ke5 46. h5 h6
47. Ke2 Bd3+ 1/2-1/2

[Event "MCR_SF11"]
[Site "?"]
[Date "2007.??.??"]
[Round "?"]
[White "Priesol, Daniel"]
[Black "Sojka, Vaclav"]
[Result "1/2-1/2"]
[WhiteElo "2288"]
[BlackElo "2000"]
[PlyCount "80"]
[EventDate "2007.??.??"]
[EventType "schev (corr)"]
[EventRounds "2"]
[SourceDate "2007.09.24"]

1. c4 Nf6 2. Nf3 e6 3. d4 b6 4. g3 Ba6 5. b3 Bb4+ 6. Bd2 Be7 7. Bg2 c6 8. Bc3
d5 9. Ne5 Nfd7 10. Nxd7 Nxd7 11. Nd2 O-O 12. O-O f5 13. Rc1 Rc8 14. Bb2 Bd6 15.
a3 Qe7 16. Rc2 Bb7 17. Qc1 a5 18. e3 b5 19. c5 Bc7 20. Nf3 Qf6 21. Qd2 Ra8 22.
Rcc1 a4 23. b4 Rae8 24. Rcd1 g5 25. e4 fxe4 26. Nxg5 Qg7 27. f3 h6 28. Nh3 exf3
29. Bxf3 Bc8 30. Bh5 Re7 31. Rxf8+ Nxf8 32. Nf4 e5 33. dxe5 Bxe5 34. Bxe5 Qxe5
35. Qf2 Kg7 36. Bf3 Ng6 37. Nxg6 Kxg6 38. Kg2 Bf5 39. Rd4 Kg7 40. Rf4 Bg6
1/2-1/2

[Event "MCR_SF11"]
[Site "?"]
[Date "2007.??.??"]
[Round "?"]
[White "Trs, Jan"]
[Black "Javorsky, Jan"]
[Result "0-1"]
[WhiteElo "2207"]
[BlackElo "2272"]
[PlyCount "74"]
[EventDate "2007.??.??"]
[EventType "schev (corr)"]
[EventRounds "2"]
[SourceDate "2007.09.24"]

1. d4 Nf6 2. c4 g6 3. Nc3 Bg7 4. e4 d6 5. Nf3 O-O 6. Be2 e5 7. O-O Nc6 8. d5
Ne7 9. Ne1 Nd7 10. Be3 f5 11. f3 f4 12. Bf2 g5 13. Nd3 Nf6 14. c5 Ng6 15. a4
Rf7 16. a5 Bf8 17. a6 b6 18. Nb4 bxc5 19. Nc6 Qe8 20. Nb5 g4 21. b4 cxb4 22.
Nbxa7 Bd7 23. Nxb4 g3 24. hxg3 fxg3 25. Be3 Nf4 26. Bxf4 exf4 27. Nac6 Bg7 28.
Re1 Rf8 29. Ra3 Qh5 30. Bb5 Nxe4 31. Rxe4 Rfe8 32. Re7 Kh8 33. Ba4 Qh2+ 34. Kf1
Bxc6 35. Nxc6 Qh1+ 36. Ke2 Qxg2+ 37. Kd3 Qf2 0-1

[Event "MCR_SF11"]
[Site "?"]
[Date "2007.??.??"]
[Round "?"]
[White "Javorsky, Jan"]
[Black "Sojka, Vaclav"]
[Result "1/2-1/2"]
[WhiteElo "2272"]
[BlackElo "2000"]
[PlyCount "77"]
[EventDate "2007.??.??"]
[EventType "schev (corr)"]
[EventRounds "2"]
[SourceDate "2007.09.24"]

1. e4 c5 2. Nf3 Nc6 3. d4 cxd4 4. Nxd4 Nf6 5. Nc3 e5 6. Nf5 d5 7. exd5 Bxf5 8.
dxc6 bxc6 9. Qf3 Qd7 10. Bc4 Be7 11. O-O O-O 12. Rd1 Qc8 13. h3 Bxc2 14. Re1
Bd6 15. Bg5 Qf5 16. Qxc6 Rfd8 17. Rac1 Rac8 18. Qa6 Qxg5 19. Rxc2 Bb8 20. Rd1
Rxd1+ 21. Nxd1 Rd8 22. Ne3 Ne8 23. Bb3 Nd6 24. Qa5 h6 25. Rc3 Re8 26. a3 Qg6
27. Bc2 Qf6 28. Rc5 e4 29. Qb4 Kh8 30. g3 Qe6 31. Ng4 f6 32. Kg2 Rd8 33. a4 Re8
34. a5 Qe7 35. Qd4 Qe6 36. Ne3 f5 37. Qc3 Kh7 38. Bb3 Qg6 39. h4 1/2-1/2